[Event "XXXVI Olimpiadi"]
[Site "Calvia' ESP"]
[Date "2004.10.16"]
[Round "2.3"]
[White "Arlandi, Ennio"]
[Black "Khruschiov, Alexey"]
[Result "1/2-1/2"]
[WhiteElo "2440"]
[BlackElo "2440"]
[Annotator "ITA-MDA"]
[PlyCount "202"]
[EventDate "2004.10.15"]

1.d4 Nf6 2.c4 e6 3.Nc3 d5 4.cxd5 exd5 5.Bg5 c6 6.e3 Be7 7.Bd3 Nbd7 8.Nge2 
Nh5 9.Bxe7 Qxe7 10.g4 Nhf6 11.Ng3 g6 12.h3 Nb6 13.b3 Bd7 14.Qd2 O-O-O 15.
a4 Kb8 16.a5 Nc8 17.Na4 Nd6 18.Qb4 Rhe8 19.Nc5 Bc8 20.Ke2 Ka8 21.Rhc1 h5 
22.g5 Nfe4 23.Bxe4 h4 24.a6 b6 25.Nb7 Nxb7 26.axb7+ Qxb7 27.Bg2 hxg3 28.
fxg3 Qc7 29.Qa4 b5 30.Rxc6 Rxe3+ 31.Kf1 bxa4 32.Rxc7 Kb8 33.Rc5 axb3 34.
Bxd5 a6 35.Rb1 Rxd5 36.Rxd5 Rxg3 37.h4 Kb7 38.Re5 Kb6 39.Kf2 Rh3 40.Re3 
Rxe3 41.Kxe3 Be6 42.Kd2 a5 43.Kc3 Kb5 44.Re1 Bd5 45.Re8 a4 46.Rb8+ Kc6 47.
Kb2 Be6 48.Rd8 Bd7 49.Ka3 Kd6 50.Rf8 Ke7 51.Ra8 Kd6 52.Ra5 Ke7 53.Ra6 Kd8 
54.d5 Ke7 55.Rf6 Bb5 56.d6+ Ke8 57.Rf2 Bc6 58.Re2+ Kd7 59.Re7+ Kxd6 60.
Rxf7 Be8 61.Rf8 Ke7 62.Rf6 Kd8 63.Re6 Kd7 64.Ra6 Ke7 65.Kb2 Kf8 66.Ra7 Kg8
67.Ra5 Kf7 68.Ka3 Ke7 69.Ra6 Kf7 70.Rb6 Kg7 71.Rf6 Bd7 72.Rb6 Be8 73.Rb7+ 
Kf8 74.Kb4 Bc6 75.Rb6 Kg7 76.Kc3 Be8 77.Rb7+ Kf8 78.Kd4 Bf7 79.Kc3 Be8 80.
Ra7 Kg8 81.Kb2 Kf8 82.Ra8 Kf7 83.Rc8 Kf8 84.h5 gxh5 85.g6 h4 86.g7+ Kxg7 
87.Rxe8 Kg6 88.Re5 Kh6 89.Ka3 Kg6 90.Rd5 Kh6 91.Rb5 Kg6 92.Kxa4 b2 93.Rxb2
Kf5 94.Rb4 Kg5 95.Kb3 h3 96.Rb8 Kg4 97.Kc3 h2 98.Rh8 Kg3 99.Kd2 Kg2 100.
Ke2 h1=Q 101.Rxh1 Kxh1 1/2-1/2

[Event "XXXVI Olimpiadi"]
[Site "Calvia' ESP"]
[Date "2004.10.17"]
[Round "3.1"]
[White "Kyriakides, Thrasos"]
[Black "Godena, Michele"]
[Result "0-1"]
[WhiteElo "2157"]
[BlackElo "2550"]
[Annotator "ITA-CYP"]
[PlyCount "78"]
[EventDate "2004.10.15"]

1.d4 Nf6 2.c4 e6 3.Nc3 d5 4.e3 a6 5.b3 c5 6.Nf3 cxd4 7.exd4 Bb4 8.Bb2 Qa5 
9.Qc2 Ne4 10.Rc1 Qxa2 11.Bd3 Bxc3+ 12.Bxc3 Qxc2 13.Rxc2 Nxc3 14.Rxc3 Nc6 
15.O-O Nb4 16.Ra1 Ke7 17.Be2 Rd8 18.c5 Bd7 19.Ne5 Be8 20.f4 f6 21.Nf3 Bg6 
22.Ra4 a5 23.Rc1 Be8 24.Ra3 Rdc8 25.Bd1 b6 26.Rca1 bxc5 27.Rxa5 Rxa5 28.
Rxa5 cxd4 29.Ra7+ Bd7 30.Rb7 Nd3 31.Kf1 Rc1 32.Ke2 Nb2 33.Kd2 Rxd1+ 34.Kc2
Rf1 35.Kxb2 Rf2+ 36.Kc1 d3 37.b4 Kd6 38.b5 Rc2+ 39.Kd1 Rxg2 0-1

[Event "XXXVI Olimpiadi"]
[Site "Calvia' ESP"]
[Date "2004.10.17"]
[Round "3.2"]
[White "Braga, Fernando Alberto"]
[Black "Theocharides, Constantinos"]
[Result "0-1"]
[WhiteElo "2465"]
[BlackElo "2115"]
[Annotator "ITA-CYP"]
[PlyCount "92"]
[EventDate "2004.10.15"]

1.d4 f5 2.Nf3 Nf6 3.g3 g6 4.c4 d6 5.b4 Bg7 6.Bb2 e6 7.Nbd2 O-O 8.Qc2 Qe7 
9.Bg2 Nc6 10.b5 Nd8 11.O-O Nf7 12.a4 Rd8 13.e4 e5 14.exf5 Bxf5 15.Qb3 e4 
16.Rae1 Qd7 17.Nh4 Re8 18.Qc2 e3 19.Nxf5 exf2+ 20.Kxf2 Ng4+ 21.Kg1 gxf5 
22.Bxb7 Rxe1 23.Rxe1 Re8 24.Rxe8+ Qxe8 25.Nf1 Qe1 26.Qd2 Qb1 27.Qe2 Bh6 
28.Kg2 Kf8 29.c5 Qa2 30.h3 Nf6 31.Qc2 Nd5 32.Kh1 f4 33.gxf4 Nxf4 34.cxd6 
Nxd6 35.Bf3 Qe6 36.Qxh7 Qxh3+ 37.Nh2 Bg7 38.Qc2 Nf5 39.Qf2 Nd3 40.Qd2 Nxb2
41.Bg4 Ng3+ 42.Kg1 Qh6 43.Qxb2 Qe3+ 44.Kg2 Bxd4 45.Qc2 Ne4 46.Qe2 Qg3+ 0-1

[Event "XXXVI Olimpiadi"]
[Site "Calvia' ESP"]
[Date "2004.10.17"]
[Round "3.3"]
[White "Klerides, Paris"]
[Black "D'Amore, Carlo"]
[Result "0-1"]
[WhiteElo "2234"]
[BlackElo "2448"]
[Annotator "ITA-CYP"]
[PlyCount "76"]
[EventDate "2004.10.15"]

1.e4 e5 2.Nf3 Nc6 3.Bb5 Nf6 4.d4 exd4 5.e5 Ne4 6.O-O Be7 7.Re1 Nc5 8.Nxd4 
Nxd4 9.Qxd4 O-O 10.Nc3 c6 11.Bc4 b5 12.Bf1 Ne6 13.Qe4 b4 14.Na4 Qa5 15.b3 
f5 16.Qc4 Rb8 17.Bd2 Qd8 18.Be3 Rb5 19.Bxa7 Ba6 20.Rad1 Ra5 21.Qxe6+ dxe6 
22.Rxd8 Rxd8 23.Bb6 Rxe5 24.Rxe5 Rd1 25.g3 Bxf1 26.f3 Bb5+ 27.Kg2 Rd2+ 28.
Kg1 Rxc2 29.Rxe6 Kf7 30.Rxe7+ Kxe7 31.Bc5+ Ke6 32.Bxb4 Bxa4 33.bxa4 c5 34.
Be1 Rxa2 35.a5 Kd5 36.h4 g6 37.g4 fxg4 38.fxg4 c4 0-1

[Event "XXXVI Olimpiadi"]
[Site "Calvia' ESP"]
[Date "2004.10.17"]
[Round "3.4"]
[White "Borgo, Giulio"]
[Black "Antoniou, Antonis"]
[Result "1-0"]
[WhiteElo "2388"]
[BlackElo "2211"]
[Annotator "ITA-CYP"]
[PlyCount "157"]
[EventDate "2004.10.15"]

1.e4 e5 2.Nf3 Nc6 3.Bb5 Nf6 4.O-O Bc5 5.c3 O-O 6.d4 Bb6 7.Bg5 h6 8.Bh4 d6 
9.Qd3 Qe7 10.Nbd2 Nd8 11.Rfe1 Ne6 12.Bg3 c6 13.Bc4 exd4 14.Bxe6 Bxe6 15.
Nxd4 Rad8 16.Bh4 g5 17.Bg3 Rfe8 18.Nf1 Nh5 19.Qf3 Nxg3 20.hxg3 Kg7 21.Ne3 
Bxd4 22.cxd4 Qf6 23.Qd1 Bc8 24.Qd3 Qg6 25.d5 c5 26.f3 Qf6 27.Re2 Bd7 28.g4
b5 29.Kf2 Rb8 30.Rc1 Rec8 31.b3 a5 32.Qd2 Ra8 33.Ree1 a4 34.b4 a3 35.bxc5 
dxc5 36.e5 Qb6 37.Kg3 Re8 38.Qc2 b4 39.Qxc5 Qxc5 40.Rxc5 b3 41.axb3 Rxe5 
42.Kf2 Kf6 43.Ra1 Ree8 44.Nc4 Reb8 45.Na5 Ke5 46.Rxa3 Kd6 47.Rc3 Kxd5 48.
Ra2 Ke6 49.Re2+ Kf6 50.Nc4 Be6 51.Nd2 Ra3 52.Ree3 Ra2 53.Ke2 Rb6 54.Red3 
Ke7 55.Ke3 Ra1 56.Rd4 Rg1 57.Kf2 Ra1 58.Rdd3 Ra2 59.Ke2 Ra1 60.Re3 Rb7 61.
Rc2 Rg1 62.Kf2 Rd1 63.Rb2 Ra1 64.b4 Rb5 65.Re4 Ra3 66.Rd4 Ra2 67.Rxa2 Bxa2
68.Ne4 Be6 69.Nc5 Ba2 70.Ke3 Rb8 71.Kd2 Re8 72.Kc3 Kf6 73.Rd6+ Kg7 74.Rd2 
Bb1 75.b5 Rc8 76.Kb4 Kf6 77.b6 Kg6 78.Rd6+ f6 79.b7 1-0

[Event "XXXVI Olimpiadi"]
[Site "Calvia' ESP"]
[Date "2004.10.18"]
[Round "4.1"]
[White "Braga, Fernando Alberto"]
[Black "Kozul, Zdenko"]
[Result "1/2-1/2"]
[WhiteElo "2465"]
[BlackElo "2640"]
[Annotator "ITA-CRO"]
[PlyCount "95"]
[EventDate "2004.10.15"]

1.d4 Nf6 2.Nf3 g6 3.c4 Bg7 4.g3 c6 5.Bg2 d5 6.Qb3 a5 7.cxd5 a4 8.Qd1 Nxd5 
9.O-O Nd7 10.e4 Nc7 11.Nc3 Nb6 12.h3 O-O 13.Qc2 Be6 14.Bf4 Qc8 15.Rfd1 Na6
16.Nxa4 Nxa4 17.Qxa4 Bxh3 18.Bxh3 Qxh3 19.Qb3 h6 20.Qxb7 g5 21.Be3 Qe6 22.
Ne5 Bxe5 23.dxe5 Rfb8 24.Qd7 Rxb2 25.Qxe6 fxe6 26.Rdb1 Rab8 27.Rxb2 Rxb2 
28.Rc1 Nb4 29.a3 Nd3 30.Rxc6 Kf7 31.Kg2 Ra2 32.Rc7 Rxa3 33.Bc5 Nxc5 34.
Rxc5 g4 35.Rc4 h5 36.Rc8 Ra5 37.f4 Ra2+ 38.Kf1 Ra3 39.Kf2 Ra2+ 40.Kg1 h4 
41.gxh4 Re2 42.h5 Rxe4 43.h6 Kg6 44.Rg8+ Kxh6 45.Rxg4 Kh5 46.Rg5+ Kh4 47.
Rg7 Rxf4 48.Rxe7 1/2-1/2

[Event "XXXVI Olimpiadi"]
[Site "Calvia' ESP"]
[Date "2004.10.18"]
[Round "4.3"]
[White "Sarno, Spartaco"]
[Black "Dizdar, Goran"]
[Result "0-1"]
[WhiteElo "2385"]
[BlackElo "2535"]
[Annotator "ITA-CRO"]
[PlyCount "92"]
[EventDate "2004.10.15"]

1.e4 e6 2.d4 d5 3.Nc3 Nf6 4.Bg5 dxe4 5.Nxe4 Be7 6.Bxf6 Bxf6 7.Nf3 Nd7 8.
Qd2 O-O 9.O-O-O b6 10.Bd3 Bb7 11.h4 Be7 12.Qe2 c5 13.Neg5 h6 14.Kb1 cxd4 
15.Nxd4 Bxg5 16.hxg5 Qxg5 17.Nxe6 fxe6 18.Qxe6+ Rf7 19.Bh7+ Kxh7 20.Qxf7 
Bxg2 21.Qxd7 Bxh1 22.Rxh1 Qg2 23.Qd3+ Qg6 24.Kc1 Qxd3 25.cxd3 Rf8 26.Rh2 
g5 27.Kd2 Kg6 28.d4 h5 29.Ke3 h4 30.Rh1 Kf5 31.Rd1 g4 32.d5 Re8+ 33.Kd4 
Kf4 34.d6 Kf3 35.Rg1 Rg8 36.Rh1 h3 37.Rh2 Ke2 38.Ke4 Kf1 39.Kf4 Kg1 40.Kg3
Rg7 41.b3 a6 42.a3 b5 43.b4 Rg6 44.d7 Rd6 45.d8=Q Rxd8 46.f3 gxf3 0-1

[Event "XXXVI Olimpiadi"]
[Site "Calvia' ESP"]
[Date "2004.10.18"]
[Round "4.4"]
[White "Brkic, Ante"]
[Black "Borgo, Giulio"]
[Result "1-0"]
[WhiteElo "2454"]
[BlackElo "2388"]
[Annotator "ITA-CRO"]
[PlyCount "97"]
[EventDate "2004.10.15"]

1.e4 e5 2.Nf3 Nc6 3.Bb5 Nf6 4.d3 Ne7 5.O-O c6 6.Ba4 Ng6 7.d4 Nxe4 8.dxe5 
Nc5 9.Bb3 Be7 10.Be3 O-O 11.Na3 b5 12.c4 b4 13.Nc2 Qc7 14.Re1 a5 15.Ncd4 
d6 16.exd6 Bxd6 17.Bc2 Rd8 18.Qb1 Ne6 19.Nf5 Bf8 20.h4 Ngf4 21.Ng3 g6 22.
h5 Bg7 23.hxg6 hxg6 24.Qc1 c5 25.Be4 Bb7 26.Bxf4 Nxf4 27.Qc2 Ne6 28.Bxb7 
Qxb7 29.Rxe6 fxe6 30.Qxg6 Qf7 31.Qg4 Rf8 32.Re1 Rae8 33.Nh5 e5 34.Rxe5 
Rxe5 35.Nxe5 Qe7 36.Nf3 Rf7 37.b3 Kf8 38.Qc8+ Qe8 39.Qxc5+ Kg8 40.Qxa5 Qe4
41.Qd8+ Rf8 42.Qg5 Qb1+ 43.Kh2 Qh7 44.Qd5+ Kh8 45.g4 Qh6 46.Kg3 Bc3 47.Qb7
Qd6+ 48.Kg2 Rg8 49.g5 1-0

[Event "XXXVI Olimpiadi"]
[Site "Calvia' ESP"]
[Date "2004.10.19"]
[Round "5.1"]
[White "Del Rio Angelis, Salvador Gabriel"]
[Black "Godena, Michele"]
[Result "1/2-1/2"]
[WhiteElo "2491"]
[BlackElo "2550"]
[Annotator "ITA-ESP3"]
[PlyCount "37"]
[EventDate "2004.10.15"]

1.e4 e5 2.Nf3 Nc6 3.Bb5 a6 4.Ba4 Nf6 5.O-O b5 6.Bb3 Bc5 7.a4 Bb7 8.c3 d6 
9.d4 Bb6 10.Bg5 h6 11.Bxf6 Qxf6 12.Bd5 O-O 13.Na3 exd4 14.cxd4 Ra7 15.axb5
axb5 16.Rc1 Nxd4 17.Nxd4 Bxd5 18.exd5 Qxd4 19.Qxd4 1/2-1/2

[Event "XXXVI Olimpiadi"]
[Site "Calvia' ESP"]
[Date "2004.10.19"]
[Round "5.3"]
[White "Galiana Salom, Juan Ramon"]
[Black "D'Amore, Carlo"]
[Result "0-1"]
[WhiteElo "2257"]
[BlackElo "2448"]
[Annotator "ITA-ESP3"]
[PlyCount "92"]
[EventDate "2004.10.15"]

1.e4 e5 2.Nf3 Nc6 3.Bb5 Nf6 4.O-O Nxe4 5.Re1 Nd6 6.Nxe5 Be7 7.Qh5 g6 8.Qh6
Nf5 9.Qf4 O-O 10.Nf3 d5 11.Bxc6 bxc6 12.d4 Bd6 13.Qg5 Qxg5 14.Bxg5 f6 15.
Bd2 g5 16.Bc3 Rb8 17.h3 h5 18.Nbd2 Kf7 19.Nb3 g4 20.hxg4 hxg4 21.Nh2 g3 
22.fxg3 Bxg3 23.Rf1 Rh8 24.Nf3 Ba6 25.Ne5+ fxe5 26.Rxf5+ Kg6 27.Rf3 Bh2+ 
28.Kh1 e4 29.Rh3 Bf4 30.Nc5 Be2 31.Nd7 Rxh3+ 32.gxh3 Bf3+ 33.Kg1 Rg8 34.
Kf2 Kf5 35.Rg1 Be3+ 36.Kxe3 Rxg1 37.Ne5 Rg2 38.Nxf3 Rg3 39.Ba5 Rxf3+ 40.
Ke2 Rg3 41.h4 Rg2+ 42.Kd1 e3 43.h5 Rh2 44.Bxc7 Rxh5 45.Ke2 Ke4 46.c3 Rg5 
0-1

[Event "XXXVI Olimpiadi"]
[Site "Calvia' ESP"]
[Date "2004.10.19"]
[Round "5.4"]
[White "Sarno, Spartaco"]
[Black "Ducros Salva, Antonio"]
[Result "1/2-1/2"]
[WhiteElo "2385"]
[BlackElo "2204"]
[Annotator "ITA-ESP3"]
[PlyCount "99"]
[EventDate "2004.10.15"]

1.e4 c5 2.Nf3 Nc6 3.Bb5 d6 4.O-O Bd7 5.c3 Nf6 6.Re1 a6 7.Bxc6 Bxc6 8.d4 
Bxe4 9.Bg5 Bg6 10.Nbd2 e6 11.d5 Be7 12.dxe6 O-O 13.Nh4 fxe6 14.Nxg6 hxg6 
15.Rxe6 Qd7 16.Qb3 d5 17.Rae1 Rae8 18.Nf3 c4 19.Qd1 Bc5 20.Rxe8 Nxe8 21.
Be3 Bxe3 22.Rxe3 Nc7 23.Nd4 Qf7 24.Qe2 Re8 25.f3 Qd7 26.Kf2 Kf7 27.f4 Kf6 
28.Nf3 Rxe3 29.Qxe3 Ne6 30.Ne5 Qc8 31.h4 Qh8 32.Nxg6 Qh5 33.Ne5 Qxh4+ 34.
Kf3 Qxf4+ 35.Qxf4+ Nxf4 36.Nd7+ Kf5 37.g4+ Kg5 38.Nc5 Nd3 39.Nxb7 Nxb2 40.
Nc5 Nd3 41.Nxa6 d4 42.Nc7 dxc3 43.Ne6+ Kf6 44.Nd4 Nb4 45.a4 c2 46.Ne2 Ke5 
47.Ke3 c3 48.Nc1 Kd5 49.a5 Kc4 50.Ke4 1/2-1/2

[Event "XXXVI Olimpiadi"]
[Site "Calvia' ESP"]
[Date "2004.10.20"]
[Round "6.2"]
[White "Braga, Fernando Alberto"]
[Black "Nguyen, Anh Dung"]
[Result "0-1"]
[WhiteElo "2465"]
[BlackElo "2567"]
[Annotator "ITA-VIE"]
[PlyCount "62"]
[EventDate "2004.10.15"]

1.d4 d5 2.c4 c6 3.Nf3 Nf6 4.Qc2 dxc4 5.Qxc4 Bf5 6.g3 e6 7.Bg2 Nbd7 8.O-O 
Be7 9.e3 O-O 10.Qe2 Re8 11.Nc3 Bb4 12.a3 Bxc3 13.bxc3 e5 14.a4 Nd5 15.Qb2 
Bd3 16.Rd1 e4 17.Nd2 Qa5 18.Qxb7 N7b6 19.Qxc6 Rac8 20.Nb3 Qa6 21.Qd6 Re6 
22.Qa3 Nc4 23.Qa2 Nxc3 24.Nc5 Rxc5 25.Qb3 Na5 26.Qa3 Rc8 27.Bh3 Nd5 28.
Bxe6 fxe6 29.Bd2 Nc4 30.Qa2 Rb8 31.a5 h6 0-1

[Event "XXXVI Olimpiadi"]
[Site "Calvia' ESP"]
[Date "2004.10.20"]
[Round "6.3"]
[White "Bao, Quang"]
[Black "Sarno, Spartaco"]
[Result "0-1"]
[WhiteElo "2376"]
[BlackElo "2385"]
[Annotator "ITA-VIE"]
[PlyCount "80"]
[EventDate "2004.10.15"]

1.e4 d6 2.d4 Nf6 3.Nc3 g6 4.f3 Bg7 5.Be3 O-O 6.Qd2 c6 7.O-O-O b5 8.h4 h5 
9.Kb1 Re8 10.Bg5 Qa5 11.a3 Nbd7 12.g4 Rb8 13.gxh5 Nxh5 14.Nge2 b4 15.Na2 
c5 16.axb4 cxb4 17.Rg1 Nc5 18.Nec1 Na4 19.Nb3 Qb6 20.Bh6 a5 21.Bxg7 Kxg7 
22.Rg5 e5 23.dxe5 dxe5 24.Rxh5 gxh5 25.Bb5 Qxb5 26.Qg5+ Kf8 27.Qh6+ Kg8 
28.Rg1+ Bg4 29.Qxh5 Qf1+ 30.Nac1 Qxg1 31.Qg5+ Kf8 32.Qh6+ Ke7 33.Qg5+ f6 
34.Qg7+ Ke6 35.fxg4 Nc5 36.Qa7 Rec8 37.g5 a4 38.Na5 b3 39.Nc4 bxc2+ 40.
Kxc2 Qd4 0-1

[Event "XXXVI Olimpiadi"]
[Site "Calvia' ESP"]
[Date "2004.10.20"]
[Round "6.4"]
[White "Borgo, Giulio"]
[Black "Nguyen, Van Huy"]
[Result "1-0"]
[WhiteElo "2388"]
[BlackElo "2325"]
[Annotator "ITA-VIE"]
[PlyCount "125"]
[EventDate "2004.10.15"]

1.e4 c5 2.Nf3 e6 3.c4 d6 4.d4 cxd4 5.Nxd4 Nf6 6.Nc3 Be7 7.Be2 O-O 8.Be3 a6
9.Qd2 b6 10.O-O Bb7 11.f3 Nbd7 12.Rfd1 Rc8 13.Rac1 Qc7 14.Bf1 Qb8 15.a3 
Bd8 16.Kh1 Bc7 17.Bg1 Rfe8 18.Rc2 Qa8 19.Rdc1 Bb8 20.Na4 Rcd8 21.b4 Kh8 
22.Nb3 Bc7 23.h3 Qb8 24.Bh2 Ng8 25.Qf2 Ne7 26.Nd4 Ne5 27.Rc3 Ba8 28.Qc2 
Rd7 29.Nb2 Qb7 30.Nd1 N7c6 31.Nb3 Rc8 32.Ne3 Bd8 33.b5 Nb8 34.Bxe5 dxe5 
35.a4 Rdc7 36.c5 bxc5 37.Na5 Qa7 38.Nec4 Rd7 39.Nb3 f6 40.Ne3 Be7 41.Bc4 
Rd6 42.Qe2 axb5 43.axb5 Nd7 44.Ra1 Qc7 45.Rc2 Nb6 46.Rca2 Bb7 47.Na5 Rb8 
48.Nxb7 Rxb7 49.Qc2 g6 50.Qb3 Qd7 51.Bf1 Bd8 52.Nc4 Nxc4 53.Bxc4 Bb6 54.
Ra8+ Kg7 55.Kh2 Qe7 56.Rc8 Ra7 57.Ra6 g5 58.Rb8 Qc7 59.Re8 Rxa6 60.bxa6 
Kf7 61.Qa4 Rc6 62.Ra8 Ba7 63.Rxa7 1-0

[Event "XXXVI Olimpiadi"]
[Site "Calvia' ESP"]
[Date "2004.10.22"]
[Round "7.2"]
[White "Nedev, Trajko"]
[Black "Braga, Fernando Alberto"]
[Result "1/2-1/2"]
[WhiteElo "2528"]
[BlackElo "2465"]
[Annotator "ITA-MKD"]
[PlyCount "74"]
[EventDate "2004.10.15"]

1.e4 e5 2.Nf3 Nc6 3.d4 exd4 4.Nxd4 Bc5 5.Be3 Qf6 6.c3 Nge7 7.Bc4 Ne5 8.Be2
Qg6 9.O-O d6 10.f3 O-O 11.Nd2 f5 12.exf5 Bxf5 13.Nxf5 Nxf5 14.Bxc5 dxc5 
15.Nc4 Nxc4 16.Bxc4+ Kh8 17.Qd2 Rad8 18.Qf2 Nd6 19.Bd5 c6 20.Bb3 Ne4 21.
Qe2 Nd2 22.Rfd1 Qg5 23.Kh1 Rfe8 24.Qf2 Nxb3 25.axb3 h6 26.h3 a6 27.f4 Qh5 
28.Rxd8 Rxd8 29.f5 Rd1+ 30.Rxd1 Qxd1+ 31.Kh2 Qxb3 32.Qxc5 Qxb2 33.Qf8+ Kh7
34.f6 gxf6 35.Qf7+ Kh8 36.Qxf6+ Kh7 37.Qf7+ Kh8 1/2-1/2

[Event "XXXVI Olimpiadi"]
[Site "Calvia' ESP"]
[Date "2004.10.22"]
[Round "7.3"]
[White "Arlandi, Ennio"]
[Black "Georgiev, Vladimir"]
[Result "0-1"]
[WhiteElo "2440"]
[BlackElo "2512"]
[Annotator "ITA-MKD"]
[PlyCount "114"]
[EventDate "2004.10.15"]

1.d4 Nf6 2.c4 e6 3.Nc3 Bb4 4.Qc2 O-O 5.a3 Bxc3+ 6.Qxc3 d6 7.Bg5 Nbd7 8.f3 
b6 9.Nh3 c5 10.dxc5 bxc5 11.e3 a5 12.Be2 Bb7 13.O-O a4 14.Nf2 h6 15.Bh4 
Ra6 16.Ng4 Qe7 17.Bd3 Rb8 18.Bc2 Kf8 19.Rfd1 e5 20.Bf5 Qe8 21.Nxf6 Nxf6 
22.Bxf6 gxf6 23.Rd2 Bc8 24.Bxc8 Qxc8 25.Rad1 Rb3 26.Qc1 Qb8 27.e4 Rab6 28.
h4 Ke7 29.Qc2 Qb7 30.Kh2 Qa6 31.Qc1 Qb7 32.Qc2 h5 33.Rb1 Qb8 34.Qd1 Qh8 
35.Rd3 Qh6 36.Rxb3 Rxb3 37.Qe1 Qf4+ 38.Kg1 Rb7 39.Qd1 Qe3+ 40.Kh2 Rb3 41.
Qc2 Rd3 42.Rd1 Rb3 43.Qd2 Qd4 44.Qe1 Qxc4 45.Qa5 Rb7 46.Qa8 Rd7 47.Qb8 Qe2
48.Rc1 Qf2 49.Qb5 Qxh4+ 50.Kg1 Qg5 51.Rc4 h4 52.Qxa4 h3 53.Qc2 Qe3+ 54.Kh2
hxg2 55.Kxg2 Rd8 56.Qf2 Rg8+ 57.Kf1 Qd3+ 0-1

[Event "XXXVI Olimpiadi"]
[Site "Calvia' ESP"]
[Date "2004.10.22"]
[Round "7.4"]
[White "Bogdanovski, Vlatko"]
[Black "D'Amore, Carlo"]
[Result "0-1"]
[WhiteElo "2443"]
[BlackElo "2448"]
[Annotator "ITA-MKD"]
[PlyCount "60"]
[EventDate "2004.10.15"]

1.d4 Nf6 2.Nf3 g6 3.Bg5 Bg7 4.Nbd2 d6 5.e3 Nbd7 6.c3 O-O 7.Bd3 e5 8.O-O 
Qe8 9.e4 h6 10.Bh4 Nh5 11.Re1 Nf4 12.Bf1 Nb6 13.Qc2 Bd7 14.Rad1 Ne6 15.Bg3
Ng5 16.Nxg5 hxg5 17.Nc4 Be6 18.Na5 Rb8 19.f3 exd4 20.cxd4 Qa4 21.Qxa4 Nxa4
22.b3 Nc3 23.Rd2 g4 24.Bf2 gxf3 25.gxf3 b5 26.Rc2 b4 27.Nc6 Rb7 28.d5 Bd7 
29.Ba6 Bxc6 30.dxc6 Rbb8 0-1

[Event "XXXVI Olimpiadi"]
[Site "Calvia' ESP"]
[Date "2004.10.23"]
[Round "8.1"]
[White "Agrest, Evgenij"]
[Black "Godena, Michele"]
[Result "1/2-1/2"]
[WhiteElo "2604"]
[BlackElo "2550"]
[Annotator "ITA-SWE"]
[PlyCount "103"]
[EventDate "2004.10.15"]

1.e4 e5 2.Nf3 Nc6 3.Bb5 a6 4.Ba4 Nf6 5.O-O b5 6.Bb3 Bc5 7.c3 d6 8.a4 Bb7 
9.d4 Bb6 10.Bg5 h6 11.Bxf6 Qxf6 12.Bd5 O-O 13.Na3 exd4 14.cxd4 Ra7 15.Nc2 
bxa4 16.Rxa4 a5 17.Re1 Ne7 18.Bxb7 Rxb7 19.h3 c5 20.d5 Qxb2 21.Ne3 c4 22.
Rxc4 Bc5 23.Nd4 Rb4 24.Re2 Qb1 25.Rc1 Rfb8 26.Kh2 Qxe4 27.Nef5 Rxd4 28.
Rxe4 Rxe4 29.Qd3 Rbb4 30.Rxc5 dxc5 31.d6 Nxf5 32.d7 Red4 33.d8=Q+ Rxd8 34.
Qxd8+ Kh7 35.Qxa5 g6 36.Qc7 Kg8 37.Qxc5 Rb8 38.Qe5 Rf8 39.g4 Ng7 40.Qf4 h5
41.Qf6 hxg4 42.hxg4 Re8 43.Kg3 Re6 44.Qd8+ Re8 45.Qb6 Re6 46.Qb8+ Re8 47.
Qb4 Re6 48.Qc3 Re7 49.f3 Re8 50.Kh4 Ne6 51.Qf6 Rd8 52.Qc3 1/2-1/2

[Event "XXXVI Olimpiadi"]
[Site "Calvia' ESP"]
[Date "2004.10.23"]
[Round "8.2"]
[White "Braga, Fernando Alberto"]
[Black "Andersson, Ulf"]
[Result "1/2-1/2"]
[WhiteElo "2465"]
[BlackElo "2580"]
[Annotator "ITA-SWE"]
[PlyCount "27"]
[EventDate "2004.10.15"]

1.d4 Nf6 2.c4 e6 3.Nf3 Bb4+ 4.Bd2 Bxd2+ 5.Qxd2 O-O 6.g3 d5 7.Bg2 Nbd7 8.
O-O c6 9.Rc1 b6 10.cxd5 cxd5 11.Nc3 Ba6 12.Rc2 Qe7 13.Rac1 Rac8 14.e3 
1/2-1/2

[Event "XXXVI Olimpiadi"]
[Site "Calvia' ESP"]
[Date "2004.10.23"]
[Round "8.3"]
[White "Hillarp Persson, Tiger"]
[Black "Arlandi, Ennio"]
[Result "1-0"]
[WhiteElo "2523"]
[BlackElo "2440"]
[Annotator "ITA-SWE"]
[PlyCount "101"]
[EventDate "2004.10.15"]

1.d4 d5 2.c4 c6 3.Nc3 Nf6 4.e3 a6 5.Nf3 b5 6.c5 Bg4 7.Qb3 Nbd7 8.a4 Bxf3 
9.gxf3 e5 10.Qa3 Rc8 11.axb5 axb5 12.Bh3 exd4 13.exd4 Be7 14.Qa5 O-O 15.
Qxd8 Rfxd8 16.Ra6 g6 17.O-O Nh5 18.Re1 Bh4 19.Na2 f5 20.Nb4 Nb8 21.Rb6 Rd7
22.Bf1 Bd8 23.Rxb8 Rxb8 24.Nxc6 Ra8 25.Bxb5 Ra1 26.b4 Bf6 27.Kf1 Rc7 28.
Be3 Ra2 29.Re2 Ra1+ 30.Re1 Ra2 31.f4 Ng7 32.Rb1 Ne6 33.Ne5 Bxe5 34.dxe5 
Kf7 35.Be2 Rc2 36.Bd1 Rc4 37.Bf3 Nxf4 38.Bxf4 Rxf4 39.Bxd5+ Ke7 40.c6 Rd4 
41.Bg2 Rc4 42.b5 Rc8 43.b6 Rb8 44.b7 Kd8 45.Rd1+ Kc7 46.Rd7+ Kb6 47.e6 
Rxc6 48.Bxc6 Kxc6 49.Rxh7 Kd6 50.e7 Re8 51.Rf7 1-0

[Event "XXXVI Olimpiadi"]
[Site "Calvia' ESP"]
[Date "2004.10.24"]
[Round "9.2"]
[White "Reefat, Bin-Sattar"]
[Black "Braga, Fernando Alberto"]
[Result "0-1"]
[WhiteElo "2462"]
[BlackElo "2465"]
[Annotator "ITA-BAN"]
[PlyCount "78"]
[EventDate "2004.10.15"]

1.e4 e5 2.Nf3 Nc6 3.Bb5 Nf6 4.d3 d6 5.c3 Be7 6.Nbd2 O-O 7.O-O Bd7 8.Re1 
Re8 9.Nf1 h6 10.Ng3 Bf8 11.d4 g6 12.Ba4 Bg7 13.h3 a5 14.a3 Qe7 15.Bc2 b5 
16.d5 Nd8 17.Be3 c6 18.Qd2 Kh7 19.Nh2 Nb7 20.f4 cxd5 21.exd5 exf4 22.Bxf4 
Qf8 23.Be3 Re5 24.Bd4 Rg5 25.Qf2 Nh5 26.Bxg7 Kxg7 27.Qd4+ f6 28.Nxh5+ Rxh5
29.Ng4 Bxg4 30.Qxg4 f5 31.Qd4+ Kg8 32.Re6 Rg5 33.Rae1 Nc5 34.Rf6 Qd8 35.b4
axb4 36.cxb4 Nd7 37.Rxd6 Rxa3 38.Qe5 Rxg2+ 39.Kf1 Rg1+ 0-1

[Event "XXXVI Olimpiadi"]
[Site "Calvia' ESP"]
[Date "2004.10.24"]
[Round "9.4"]
[White "Ahmed, Sk. Nasir"]
[Black "Borgo, Giulio"]
[Result "1/2-1/2"]
[WhiteElo "2359"]
[BlackElo "2388"]
[Annotator "ITA-BAN"]
[PlyCount "157"]
[EventDate "2004.10.15"]

1.e4 c5 2.Nf3 Nc6 3.d3 g6 4.g3 Bg7 5.Bg2 e5 6.O-O Nge7 7.Be3 d6 8.Qd2 O-O 
9.Bh6 d5 10.Bxg7 Kxg7 11.exd5 Nxd5 12.Nc3 Nc7 13.Nh4 Bd7 14.f4 exf4 15.
Qxf4 Ne6 16.Qd2 f5 17.Nd5 Qa5 18.c3 Rae8 19.b4 Qd8 20.Rae1 b6 21.Nf3 Nc7 
22.Nxc7 Qxc7 23.d4 cxd4 24.b5 Nd8 25.Qxd4+ Rf6 26.Ne5 Rd6 27.Bd5 Ne6 28.
Qc4 Qxc4 29.Bxc4 Nc5 30.Nxd7 Rxe1 31.Rxe1 Rxd7 32.Re8 Ne4 33.Rd8 Kf6 34.
Bb3 Ke5 35.Re8+ Kd6 36.Re6+ Kc7 37.Rc6+ Kd8 38.a4 Rd2 39.Bg8 Ng5 40.h4 
Nf3+ 41.Kf1 Nh2+ 42.Ke1 Nf3+ 43.Kf1 Rd7 44.a5 bxa5 45.Ra6 Nd2+ 46.Kg2 Ne4 
47.c4 Nc5 48.Rxa5 h6 49.Bd5 Ke7 50.Bc6 Rc7 51.Ra2 Nd3 52.Re2+ Kf6 53.Rd2 
Ne5 54.Rd6+ Ke7 55.c5 Nxc6 56.bxc6 Kf7 57.Kf3 Re7 58.h5 gxh5 59.Rxh6 Kg7 
60.Rd6 Re5 61.Rd7+ Kf6 62.Rxa7 Rxc5 63.c7 Kg5 64.Rb7 Rc3+ 65.Kg2 h4 66.
gxh4+ Kg4 67.h5 Rc2+ 68.Kf1 Kxh5 69.Ke1 Kg4 70.Kf1 f4 71.Rb3 Rxc7 72.Ra3 
Rc2 73.Rb3 Ra2 74.Rc3 Kf5 75.Rb3 Ke4 76.Rb4+ Kf3 77.Rb3+ Kg4 78.Rc3 f3 79.
Rc8 1/2-1/2

[Event "XXXVI Olimpiadi"]
[Site "Calvia' ESP"]
[Date "2004.10.25"]
[Round "10.2"]
[White "Sulskis, Sarunas"]
[Black "Braga, Fernando Alberto"]
[Result "1-0"]
[WhiteElo "2555"]
[BlackElo "2465"]
[Annotator "ITA-LTU"]
[PlyCount "109"]
[EventDate "2004.10.15"]

1.e4 e5 2.Nf3 Nc6 3.Bb5 Nf6 4.d3 d6 5.c3 g6 6.O-O Bg7 7.d4 O-O 8.Bxc6 bxc6
9.dxe5 Nxe4 10.Re1 d5 11.Nbd2 c5 12.Nxe4 dxe4 13.Qxd8 Rxd8 14.Bg5 Re8 15.
Rxe4 Bb7 16.Rc4 Bxf3 17.gxf3 Rxe5 18.Bf4 Re2 19.Rb1 Bf8 20.Bxc7 g5 21.h4 
h6 22.hxg5 hxg5 23.Re4 Rc2 24.Kf1 Rc8 25.Bg3 Rc6 26.Re2 Rh6 27.Rxc2 Rh1+ 
28.Ke2 Rxb1 29.Kd3 f5 30.Bb8 a6 31.Kc4 Re1 32.Rd2 Kf7 33.Ba7 Re5 34.a4 Ke6
35.b4 cxb4 36.cxb4 Re1 37.Bd4 Bd6 38.b5 Rc1+ 39.Bc3 axb5+ 40.axb5 Bf4 41.
Rb2 g4 42.b6 Be5 43.Rb3 gxf3 44.b7 Bb8 45.Kb5 Kd5 46.Ba5 Rc5+ 47.Ka6 Rc2 
48.Rxf3 Ke4 49.Re3+ Kf4 50.Re8 Bd6 51.Re3 Bb8 52.Re8 Bd6 53.Bb6 Kf3 54.Rd8
Bh2 55.Rd3+ 1-0

[Event "XXXVI Olimpiadi"]
[Site "Calvia' ESP"]
[Date "2004.10.25"]
[Round "10.3"]
[White "Arlandi, Ennio"]
[Black "Kveinys, Aloyzas"]
[Result "0-1"]
[WhiteElo "2440"]
[BlackElo "2531"]
[Annotator "ITA-LTU"]
[PlyCount "58"]
[EventDate "2004.10.15"]

1.d4 Nf6 2.c4 e6 3.Nc3 Bb4 4.Qc2 O-O 5.a3 Bxc3+ 6.Qxc3 b6 7.Bg5 Bb7 8.f3 
d5 9.e3 Re8 10.Nh3 Nbd7 11.cxd5 exd5 12.O-O-O a6 13.Bd3 h6 14.Bh4 c5 15.
Kb1 Qe7 16.Rhe1 Ne4 17.Bxe4 Qxh4 18.Bf5 Bc6 19.Bxd7 Bxd7 20.dxc5 Bxh3 21.
gxh3 bxc5 22.Rxd5 Qf2 23.e4 Rab8 24.Red1 Qxh2 25.Rxc5 Rb6 26.Rh5 Reb8 27.
Rd2 Qh1+ 28.Ka2 Rb3 29.Qc7 Rxa3+ 0-1

[Event "XXXVI Olimpiadi"]
[Site "Calvia' ESP"]
[Date "2004.10.25"]
[Round "10.4"]
[White "Sakalauskas, Vaidas"]
[Black "Sarno, Spartaco"]
[Result "1/2-1/2"]
[WhiteElo "2464"]
[BlackElo "2385"]
[Annotator "ITA-LTU"]
[PlyCount "84"]
[EventDate "2004.10.15"]

1.d4 Nf6 2.c4 d6 3.Nc3 Nbd7 4.e4 e5 5.Nf3 Be7 6.Be2 O-O 7.O-O c6 8.Be3 Re8
9.Qc2 Qc7 10.Rac1 Nf8 11.h3 Ng6 12.Rfd1 h6 13.b4 exd4 14.Nxd4 Bf8 15.Bf1 
Bd7 16.a3 Rad8 17.Nf5 Bc8 18.Bd4 Nh5 19.g3 Ne5 20.Be2 Nf6 21.f4 Ned7 22.
Kh2 g6 23.Ne3 h5 24.Bf3 Bh6 25.Ng2 Nh7 26.Qf2 Ndf6 27.Nh4 b6 28.Bg2 c5 29.
Nd5 Nxd5 30.cxd5 Qe7 31.Ba1 Bg7 32.Bxg7 Kxg7 33.Re1 Qf6 34.Nf3 g5 35.e5 
Qf5 36.exd6 gxf4 37.bxc5 bxc5 38.Rxe8 Rxe8 39.gxf4 Qxf4+ 40.Qg3+ Qxg3+ 41.
Kxg3 Nf6 42.Nd2 Re3+ 1/2-1/2